Страны с самой высокой плотностью населения - Statistics

General Stats
  • This quiz has been taken 868 times
  • The average score is 8 of 24
Answer Stats
Плотность Страна % Correct
426 Индия
86%
19 642 Монако
73%
1 127 Бангладеш
73%
1 641 Ватикан
66%
558 Сан-Марино
60%
8 135 Сингапур
48%
1 403 Мальта
44%
512 Южная Корея
44%
660 Тайвань
27%
449 Израиль
26%
2 285 Бахрейн
24%
1 851 Мальдивы
22%
405 Нидерланды
20%
373 Филиппины
20%
382 Бельгия
19%
521 Науру
18%
462 Тувалу
17%
649 Ливан
16%
419 Гаити
16%
511 Руанда
13%
447 Бурунди
12%
483 Коморы
11%
670 Барбадос
10%
625 Маврикий
9%
No matching quizzes found
Score Distribution
Percent of People with Each Score
Percentile by Number Answered
Your Score History
You have not taken this quiz